Obálka Náhled e-knihy:
PDF Epub
Pro půjčování e-knih musíte být přihlášeni.
Jak si půjčit online?

Detektiv z orbitálního města. Kniha první, Exodus /

Úvodní díl sci-fi série českého autora Detektiv z orbitálního města zavádí čtenáře do budoucnosti, kdy probíhá kolonizace Marsu.

Uloženo v:
Série:Detektiv z orbitálního města, část 1
Hlavní autor: Šlechta, Vladimír, 1960- (Autor)
Médium: E-kniha
Jazyk:Czech
Vydáno: Praha : Brokilon, 2025
Vydání:Vydání první
Témata:
Příbuzné jednotky:Z cyklu:: Detektiv z orbitálního města
Tagy:
Žádné tagy
LEADER 02614nam a2200421 i 4500
001 312873
003 CZ PrSKC
005 20260601215730.0
007 ta
008 251128s2025 xr a g 000 f cze
015 |a cnb003722604 
020 |a 9788074566486  |q (brožováno) :  |c Kč 298,00 
035 |a (OCoLC)1584376815 
040 |a ABG001  |b cze  |e rda 
072 7 |a 821.162.3-3  |x Česká próza  |2 Konspekt 
080 |a 821.162.3-31  |2 MRF 
080 |a (0:82-311.9)  |2 MRF 
100 1 |a Šlechta, Vladimír,  |d 1960-  |7 xx0000828  |4 aut 
245 1 0 |a Detektiv z orbitálního města.  |n Kniha první,  |p Exodus /  |c Vladimír Šlechta 
246 3 0 |a Exodus 
250 |a Vydání první 
264 1 |a Praha :  |b Brokilon,  |c 2025 
300 |a 244 stran :  |b ilustrace ;  |c 17 cm 
336 |a text  |b txt  |2 rdacontent 
337 |a bez média  |b n  |2 rdamedia 
338 |a svazek  |b nc  |2 rdacarrier 
520 2 |a Úvodní díl sci-fi série českého autora Detektiv z orbitálního města zavádí čtenáře do budoucnosti, kdy probíhá kolonizace Marsu.  |b Píše se rok 2071. Kolem Země krouží desítky orbitálních měst, probíhá kolonizace Marsu. Otevírá se další startovací okno, k Marsu již brzy odletí šest kolonizačních lodí. Mezi vystěhovalci, kteří čekají v orbitálním městě Codae na nalodění, je i potomek českých emigrantů Niklas. Když je zavražděn jeho přítel, Niklas je okolnostmi donucen, aby pátral po vrahovi. Poznává orbitální město Codae důvěrněji, než by si přál, a odkrývá tajemství, která měla zůstat pohřbena. Znovu a znovu si pokládá dvě jednoduché otázky. První: odletím nakonec na Mars, nebo uváznu v orbitálním městě? A druhá: dokážu za těchto okolností vůbec přežít? Nakladatelská anotace. Kráceno. 
655 7 |a české romány  |7 fd133974  |2 czenas 
655 7 |a vědecko-fantastické romány  |7 fd133847  |2 czenas 
655 9 |a Czech fiction  |2 eczenas 
655 9 |a science fiction novels  |2 eczenas 
710 2 |a Brokilon (nakladatelství)  |7 xx0213817  |4 pbl 
787 0 8 |i Z cyklu:  |t Detektiv z orbitálního města  |g 1 
900 |a ABA001  |b 21 
044 |a xr 
910 |a RBIT002 
998 |d 423832  |a https://core.palmknihy.cz/api/books/423832/cover?t5kkhh  |b https://core.palmknihy.cz/api/books/423832/cover/400?t5kkhh  |c https://core.palmknihy.cz/api/books/423832/cover/50?t5kkhh  |e   |g 244  |i 9788074566486  |j https://core.palmknihy.cz/api/books/423832/preview.epub  |k https://core.palmknihy.cz/api/books/423832/preview.pdf  |l   |q 49  |r 1  |s https://www.palmknihy.cz/kniha/423832  |t ebook  |y 2025  |z 0  |v Detektiv z orbitálního města  |w 1 
999 |d 312871